00677cam a22002295a 450000100090000000300040000900500170001300800410003001000170007102000150008804000180010305000210012110000230014224500770016526000440024226300090028630000400029552100070033552600080034254100060035085600910035614403959OSt20140310184504.0060607s2007 pau 000 0 eng  a 2006928783 a0590428055 aDLCcDLCdDLC aPZ 7b.W721 19901 aWilliams, Margery.14aThe velveteen rabbit /cMargery Williams; illustrated by Elizabeth Miles aNew York, NY :bScholastic Inc.,c1990. a0701 a16 p. :bill. (some col.) ;c20 cm. aG6 c820 j1423Publisher descriptionuhttp://www.loc.gov/catdir/enhancements/fy0830/2006928783-d.html